| 000 | 00555nam a22001577a 4500 | ||
|---|---|---|---|
| 999 |
_c15620 _d15620 |
||
| 003 | AR-CdUCM | ||
| 008 | 190429b ||||| |||| 00| 0 spa d | ||
| 040 |
_aMUNICIPALIDAD PROVINCIAL DEL CUSCO _cBIBLIOTECA MUNICIPAL DEL CUSCO |
||
| 082 |
_aC / 051.985 / _bR572 |
||
| 245 |
_aRijchariy : _brevista cultural / |
||
| 260 |
_aCuzco : _bRijchariy _c1967. |
||
| 300 |
_a40 páginas ; _bimágenes. _c25 cm. |
||
| 505 | _aEl congreso peruano de Lengua quechua -- Creación de la academia peruana de Lengua Quechua en el Cuzco -- | ||
| 942 |
_2ddc _cPP |
||
| 945 | _awfj | ||